000 00492nam a2200157Ia 4500
008 151021s9999 xx 000 0 und d
020 _a9966846557
050 _aSF 851.M84 2003
245 _a_Metabolic and Nutritional diseases of food animals Mulei,Charles M.
260 _aNairobi University of Nairobi Press 2003
300 _aix,203p.
500 _aIncludes index.
650 _a_Nutritional disorder in animals
700 _a_P.M.F.Mbithi
980 _a^d20101208 05:46:34^oanne
999 _c5562
_d5562